[Event "40th Olympiad Women"]
[Site "Istanbul TUR"]
[Date "2012.09.01"]
[Round "5.35"]
[Board "4"]
[White "Botez, Alexandra"]
[Black "Hernandez, Zaida"]
[Result "1-0"]
[WhiteTitle "WCM"]
[WhiteElo "2009"]
[BlackElo "1990"]
[WhiteTeam "Canada"]
[BlackTeam "Venezuela"]
[WhiteFideId "2603365"]
[BlackFideId "3901041"]
[EventDate "2012.08.28"]

1. d4 d5 2. c4 c6 3. Nf3 Nf6 4. Nc3 a6 5. cxd5 cxd5 6. Bf4 b5 7. e3 e6 8. Rc1
Be7 9. Nxb5 axb5 10. Bc7 Bb4+ 11. Ke2 Qe7 12. Bd6 Qb7 13. Bxb4 Nc6 14. Qb3 Ra4
15. Bc5 Rc4 16. Kd1 Na5 17. Qa3 Ra4 18. Qd3 Nc4 19. Qb1 Ne4 20. b3 Nxc5 21. dxc5
Na3 22. Qb2 Ra8 23. Qxg7 Rf8 24. Qxh7 b4 25. Nd4 e5 26. Nf5 Qd7 27. Nd6+ Ke7 28.
Qd3 Qe6 29. Qd2 Rb8 30. Be2 f5 31. Bf3 e4 32. Be2 Bd7 33. Qd4 Rg8 34. g3 Bc6 35.
h3 Qf6 36. Kd2 Ke6 37. Rcg1 Qe5 38. Qxe5+ Kxe5 39. g4 f4 40. exf4+ Kxf4 41. Nf5
Rb7 42. Nd4 Bb5 43. c6 Rb6 44. Rc1 Ke5 45. c7 Rc8 46. Bxb5 Nxb5 47. Nxb5 Rxb5
48. Rc2 Ra5 49. Rhc1 Kf4 50. Ke2 d4 51. Kf1 d3 52. Rc4 Kf3 53. Rc6 Kf4 54. Rd6
Rxa2 55. Rd5 1-0

[Event "40th Olympiad Women"]
[Site "Istanbul TUR"]
[Date "2012.09.01"]
[Round "5.36"]
[Board "1"]
[White "Garcia Morales, Ivette Ale"]
[Black "Lang, Heather"]
[Result "1-0"]
[WhiteElo "2014"]
[BlackElo "2015"]
[WhiteTeam "Mexico"]
[BlackTeam "Scotland"]
[WhiteFideId "5105994"]
[BlackFideId "2400979"]
[EventDate "2012.08.28"]

1. d4 f5 2. Nc3 Nf6 3. Bg5 d5 4. Bxf6 exf6 5. e3 Be6 6. Bd3 Qd7 7. Qf3 Nc6 8. a3
g6 9. Nge2 Bf7 10. h3 Bg7 11. Nf4 O-O-O 12. Bb5 h5 13. Nd3 Qe6 14. O-O-O Bf8 15.
Na4 b6 16. Nf4 Qd6 17. c4 Nb8 18. c5 Qe7 19. cxb6 axb6 20. Qe2 Kb7 21. Qc2 g5
22. Ne2 Rg8 23. Kb1 Bh6 24. Rc1 Qd6 25. Ng3 Bg6 26. Nxf5 Bxf5 27. Qxf5 c6 28.
Be2 h4 29. Rc3 Bf8 30. Qd3 Be7 31. Rhc1 Rc8 32. Rb3 b5 33. Nc5+ Ka7 34. a4 b4
35. Rxb4 Rc7 36. Qb3 Qh2 37. Rb7+ Ka8 38. Qb6 Bxc5 39. Rxc5 Qg1+ 40. Ka2 Rxb7
41. Ra5+ Na6 42. Qxa6+ Kb8 43. Qa8+ Kc7 44. Qxg8 Qc1 45. Qf7+ Kb8 46. Qe8+ Kc7
47. Qe7+ Kc8 48. Ra8+ 1-0

[Event "40th Olympiad Women"]
[Site "Istanbul TUR"]
[Date "2012.09.01"]
[Round "5.36"]
[Board "2"]
[White "Roy, Ali"]
[Black "Guerrero Rodriguez, Alejandra"]
[Result "0-1"]
[BlackTitle "WIM"]
[WhiteElo "1836"]
[BlackElo "2072"]
[WhiteTeam "Scotland"]
[BlackTeam "Mexico"]
[WhiteFideId "2400456"]
[BlackFideId "5104297"]
[EventDate "2012.08.28"]

1. Nf3 c5 2. c4 Nf6 3. Nc3 g6 4. e3 Bg7 5. Be2 O-O 6. O-O d5 7. cxd5 Nxd5 8. d4
cxd4 9. exd4 Nc6 10. Qb3 Be6 11. Nxd5 Bxd5 12. Qd3 Bxf3 13. Bxf3 Qxd4 14. Qxd4
Bxd4 15. Bh6 Rfd8 16. Rab1 Rac8 17. b4 Ne5 18. Bxb7 Rc2 19. a4 Ng4 20. Be3 Bxe3
21. fxe3 Nxe3 22. Rfe1 Nd5 23. Rbd1 e6 24. Re5 Rc4 25. Bxd5 exd5 26. Rexd5 Rxd5
27. Rxd5 Rxb4 28. Ra5 Rb7 29. Kf2 h5 30. Kf3 Kg7 31. g3 Kf6 32. h4 Ke6 33. Kf4
Rd7 34. Ke4 Kd6 35. Ra6+ Kc5 36. Ke5 Rb7 37. Kf4 Kd5 38. Ra5+ Kd4 39. Ra6 Rd7
40. Ra5 Rd5 41. Rb5 Rxb5 42. axb5 f6 43. g4 hxg4 44. Kxg4 Ke5 0-1

[Event "40th Olympiad Women"]
[Site "Istanbul TUR"]
[Date "2012.09.01"]
[Round "5.36"]
[Board "3"]
[White "Mendoza Velazquez, Lorena Alejan"]
[Black "Giulian, Rosemary A"]
[Result "1/2-1/2"]
[WhiteTitle "WIM"]
[WhiteElo "1993"]
[BlackElo "1894"]
[WhiteTeam "Mexico"]
[BlackTeam "Scotland"]
[WhiteFideId "5101794"]
[BlackFideId "2400375"]
[EventDate "2012.08.28"]

1. d4 e6 2. Nf3 Nf6 3. c4 Bb4+ 4. Bd2 Bxd2+ 5. Nbxd2 d5 6. e3 O-O 7. Bd3 Qe7 8.
O-O Nbd7 9. Qc2 c6 10. Ne5 h6 11. Ndf3 Nxe5 12. Nxe5 Bd7 13. f4 c5 14. Qe2 cxd4
15. exd4 dxc4 16. Nxc4 Bb5 17. f5 Bxc4 18. Bxc4 Qd6 19. Rad1 exf5 20. Rxf5 Rae8
21. Qf3 Qb4 22. Qf1 Qxb2 23. Rb5 Qc3 24. Rb3 Qa5 25. Rxb7 Rb8 26. Bxf7+ Kh8 27.
Rxb8 Rxb8 28. Bb3 Re8 29. h3 Qc3 30. d5 Ne4 31. Qd3 Qc5+ 32. Qd4 Qa5 33. d6 Nf6
34. Rf1 Re1 35. Bc4 Rxf1+ 36. Kxf1 Qf5+ 37. Kg1 Qb1+ 38. Kh2 Qc1 39. Bb3 Qg5 40.
Bd1 a5 41. Bf3 Qf5 42. Bc6 Nd7 43. Qe4 Qf8 44. Qg6 Qf4+ 45. Qg3 Qf7 46. Bxd7
Qxd7 47. Qe5 Qf7 48. Qd4 Qd7 49. Qc5 Qe6 50. Qd4 Qd7 51. h4 a4 52. g3 Kg8 53.
Qd5+ Kf8 54. Kg2 Qf7 55. Qa8+ Qe8 56. Qf3+ Qf7 57. Qa8+ Qe8 58. Qf3+ Qf7 59.
Qa8+ 1/2-1/2

[Event "40th Olympiad Women"]
[Site "Istanbul TUR"]
[Date "2012.09.01"]
[Round "5.36"]
[Board "4"]
[White "Durno, Joy"]
[Black "Vazquez Flores, Janet Sarai"]
[Result "1/2-1/2"]
[WhiteTitle "WFM"]
[WhiteElo "1863"]
[BlackElo "1937"]
[WhiteTeam "Scotland"]
[BlackTeam "Mexico"]
[WhiteFideId "2403501"]
[BlackFideId "5117810"]
[EventDate "2012.08.28"]

1. d4 Nf6 2. c4 c5 3. d5 b5 4. cxb5 a6 5. bxa6 Bxa6 6. Nc3 d6 7. Nf3 g6 8. g3
Bg7 9. Bg2 O-O 10. Rb1 Qa5 11. Bd2 Nbd7 12. O-O Rfb8 13. Qc2 Ng4 14. b3 Nge5 15.
Nxe5 Nxe5 16. a4 Rb7 17. h3 Rab8 18. Rfe1 Qc7 19. f4 Nd7 20. Ne4 Nb6 21. Ba5 Qd7
22. Nd2 f5 23. Kh2 h6 24. e4 c4 25. Bxb6 cxb3 26. Qxb3 Rxb6 27. Qc2 Rb2 28. Rxb2
Rxb2 29. Qc1 Qxa4 30. Nf3 fxe4 31. Nh4 Qa2 32. Rxe4 Bf6 33. Qg1 Bd3 34. Re1 Qxd5
35. Kh1 Qb5 36. Nf3 Qb4 37. Qe3 Bc4 38. Nd4 Qc5 39. Nc6 Bd5 40. Bxd5+ Qxd5+ 41.
Qe4 Qxe4+ 42. Rxe4 Kf7 43. Nd8+ Ke8 44. Ne6 d5 45. Nc7+ Kf7 46. Nxd5 Rd2 47.
Nxf6 exf6 48. Re3 f5 49. Kg1 g5 50. fxg5 hxg5 51. Rf3 Kg6 52. Rf2 Rxf2 53. Kxf2
f4 54. gxf4 gxf4 55. Kf3 Kg5 56. h4+ Kxh4 57. Ke4 1/2-1/2

[Event "40th Olympiad Women"]
[Site "Istanbul TUR"]
[Date "2012.09.01"]
[Round "5.37"]
[Board "2"]
[White "Avalos, Leticia"]
[Black "Johansson, Viktoria"]
[Result "0-1"]
[WhiteTitle "WCM"]
[BlackTitle "WIM"]
[WhiteElo "1742"]
[BlackElo "2179"]
[WhiteTeam "Paraguay"]
[BlackTeam "Sweden"]
[WhiteFideId "3702073"]
[BlackFideId "1701940"]
[EventDate "2012.08.28"]

1. d4 d5 2. Nf3 Nf6 3. e3 c6 4. Bd3 Bg4 5. c4 e6 6. Nbd2 Nbd7 7. Qc2 Bd6 8. b3
Bh5 9. Bb2 Qb8 10. Qc3 Bg6 11. Bxg6 hxg6 12. Ne5 dxc4 13. bxc4 a5 14. a3 a4 15.
f4 Bc7 16. Qd3 Qd8 17. Qe2 Ba5 18. Nxd7 Nxd7 19. g3 g5 20. O-O Nf6 21. f5 Qd7
22. Nf3 Ng4 23. fxe6 Qxe6 24. e4 Qh6 25. c5 Bc7 26. e5 O-O-O 27. Bc3 f5 28. Rab1
f4 29. Be1 Ne3 30. Qb2 Nxf1 31. Qxb7+ Kd7 32. Ba5 Rc8 33. e6+ Qxe6 34. Re1 Ne3
35. Ne5+ Ke7 36. Bxc7 Kf6 37. Nxc6 Kf5 38. Qb1+ Kg4 39. Ne5+ Kh5 40. g4+ Kh6 41.
Bd6 Nxg4 42. Qd3 Nxe5 43. Rxe5 Qg4+ 44. Kh1 Rhe8 45. Be7 Rxe7 46. Rxe7 f3 47.
Qd2 Rd8 48. d5 Rxd5 0-1

[Event "40th Olympiad Women"]
[Site "Istanbul TUR"]
[Date "2012.09.01"]
[Round "5.37"]
[Board "3"]
[White "Horn, Emilia"]
[Black "Rojas, Montserrat"]
[Result "1-0"]
[WhiteTitle "WFM"]
[WhiteElo "2037"]
[BlackElo "1605"]
[WhiteTeam "Sweden"]
[BlackTeam "Paraguay"]
[WhiteFideId "1705385"]
[BlackFideId "3701670"]
[EventDate "2012.08.28"]

1. e4 c5 2. Nf3 e6 3. d3 g6 4. g3 Bg7 5. Bg2 Nc6 6. O-O Nge7 7. c3 Qb6 8. Nbd2
O-O 9. Re1 Qc7 10. Nf1 e5 11. Be3 d6 12. Qc1 f5 13. Nh4 Be6 14. f4 b6 15. h3
Rad8 16. Qc2 Bf6 17. Nf3 d5 18. exf5 Bxf5 19. g4 Bc8 20. Qd2 d4 21. cxd4 exd4
22. Bf2 Rde8 23. Bg3 Qd7 24. a3 Nd5 25. Re4 Bg7 26. Rae1 Nf6 27. R4e2 h6 28. Nh4
Rxe2 29. Rxe2 Ne7 30. Rxe7 Qxe7 31. Nxg6 Qe8 32. Nxf8 Kxf8 33. f5 Bd7 34. Bf4
Ng8 35. Ng3 Bc6 36. Nh5 Kf7 37. b4 Bxg2 38. Kxg2 Qc6+ 39. Kh2 Qa4 40. Qa2+ Kf8
41. Bd6+ Ke8 42. Qxg8+ 1-0

[Event "40th Olympiad Women"]
[Site "Istanbul TUR"]
[Date "2012.09.01"]
[Round "5.37"]
[Board "4"]
[White "Rios Almada, Iara"]
[Black "Fransson, Angelina"]
[Result "0-1"]
[WhiteElo "1604"]
[BlackElo "1968"]
[WhiteTeam "Paraguay"]
[BlackTeam "Sweden"]
[WhiteFideId "3702650"]
[BlackFideId "1712632"]
[EventDate "2012.08.28"]

1. e4 c5 2. Nf3 d6 3. g3 Nc6 4. Bg2 g6 5. Nc3 Bg7 6. d3 Nf6 7. O-O O-O 8. Be3
Rb8 9. Qd2 Ng4 10. Rab1 Nxe3 11. fxe3 b5 12. d4 b4 13. Ne2 Ba6 14. d5 Ne5 15.
Nxe5 Bxe5 16. Rf2 Bc4 17. b3 Bxe2 18. Qxe2 Qa5 19. Qe1 Bc3 20. Qe2 Qxa2 21. Rbf1
Kg7 22. h4 Qa5 23. g4 Be5 24. Rf3 Qb5 25. Qf2 f6 26. g5 c4 27. h5 Qe8 28. hxg6
Qxg6 29. Rf5 h6 30. gxf6+ Rxf6 31. Qf3 Rbf8 32. Qh5 Qxh5 33. Rxh5 Kg6 34. Rh3 a5
35. Rhf3 cxb3 36. cxb3 Rc8 37. Rxf6+ exf6 38. Rb1 Rc2 39. Bf3 Bg3 40. Ra1 Bf2+
41. Kh1 Bxe3 42. Rxa5 Rc1+ 43. Kh2 Rb1 44. Ra2 Rxb3 45. Rg2+ Bg5 46. Bd1 Rc3 47.
Rb2 Rc4 48. Bc2 Bf4+ 49. Kg2 Be5 50. Rb3 Rxc2+ 0-1

[Event "40th Olympiad Women"]
[Site "Istanbul TUR"]
[Date "2012.09.01"]
[Round "5.38"]
[Board "1"]
[White "Cordero, Daniela"]
[Black "Hallaeva, Bahar"]
[Result "1-0"]
[WhiteTitle "WIM"]
[BlackTitle "WFM"]
[WhiteElo "2055"]
[BlackElo "2174"]
[WhiteTeam "Bolivia"]
[BlackTeam "Turkmenistan"]
[WhiteFideId "3301630"]
[BlackFideId "14000679"]
[EventDate "2012.08.28"]

1. d4 Nf6 2. Nf3 e6 3. e3 c5 4. Bd3 d5 5. b3 Nc6 6. Bb2 Bd6 7. O-O O-O 8. a3 a6
9. Ne5 Qc7 10. f4 Ne4 11. Nd2 Nxd2 12. Qxd2 f6 13. Nxc6 bxc6 14. c4 a5 15. Qc2
f5 16. cxd5 cxd5 17. Rac1 c4 18. bxc4 dxc4 19. Bxc4 Qe7 20. a4 Bd7 21. e4 Kh8
22. exf5 exf5 23. Rce1 Qf6 24. d5 Qf7 25. Be5 Bb4 26. Re2 Rac8 27. Ra1 Rc5 28.
Bd4 Rc7 29. Be5 Rc5 30. Qb3 Rfc8 31. Rc2 Qe8 32. Bd3 Rxc2 33. Bxc2 Qd8 34. Qb2
Qb6+ 35. Kh1 Qg6 36. Bb3 Bd6 37. Rb1 h6 38. Qd4 Bxe5 39. fxe5 f4 40. Rf1 f3 41.
gxf3 Bh3 42. Rg1 Rc1 43. Bd1 Qf7 44. e6 Qb7 45. Qe5 Rxd1 46. Rxd1 Qb3 47. Qe2
Qxa4 48. Rc1 Qe8 49. Qe5 Qf8 50. Rc3 a4 51. d6 Qb8 52. Rc1 a3 53. e7 Bd7 54. Rg1
Qg8 55. Re1 Qe8 56. Qa5 Qf7 57. Qxa3 Bc6 58. Re3 Be8 59. Qd3 Bd7 60. Qe4 Qe8 61.
Qf4 Kg8 62. Qc4+ Kh7 63. Qc7 Bh3 64. d7 Bxd7 65. Qxd7 Qxd7 66. e8=Q Qd1+ 67. Kg2
Qd2+ 68. Kh3 Qa5 69. Qe5 Qa7 70. Qf5+ g6 71. Qe6 1-0

[Event "40th Olympiad Women"]
[Site "Istanbul TUR"]
[Date "2012.09.01"]
[Round "5.38"]
[Board "2"]
[White "Isaeva, Aknyr"]
[Black "Borda, Carla"]
[Result "0-1"]
[BlackTitle "WCM"]
[WhiteElo "2011"]
[BlackElo "1977"]
[WhiteTeam "Turkmenistan"]
[BlackTeam "Bolivia"]
[WhiteFideId "14000989"]
[BlackFideId "3301087"]
[EventDate "2012.08.28"]

1. d4 d5 2. c4 c6 3. cxd5 cxd5 4. Nc3 Nc6 5. Bf4 e6 6. e3 a6 7. a3 Nge7 8. Bd3
Ng6 9. Bg3 Bd6 10. Nf3 O-O 11. Bxd6 Qxd6 12. Ng5 Nce7 13. Qh5 h6 14. Nf3 f5 15.
g4 e5 16. dxe5 Nxe5 17. Nxe5 Qxe5 18. O-O-O Be6 19. gxf5 Bf7 20. Qh3 Rac8 21.
Rhg1 Rxc3+ 22. Kb1 Rb3 23. Rd2 Rb6 24. f4 Qc3 25. Qg2 Qf6 26. Qg4 h5 27. Qh3 Qc3
28. Qg3 Rxb2+ 29. Rxb2 Qxd3+ 30. Ka1 Qxa3+ 31. Kb1 Qd3+ 32. Ka1 Nxf5 33. Qe1
Nxe3 34. Qc1 Qa3+ 35. Kb1 Qd3+ 36. Ka1 Nc4 37. Rg3 Qd4 38. f5 Qxb2+ 39. Qxb2
Nxb2 40. Kxb2 Be8 41. Rb3 Bc6 0-1

[Event "40th Olympiad Women"]
[Site "Istanbul TUR"]
[Date "2012.09.01"]
[Round "5.38"]
[Board "3"]
[White "Estrada, Lucia"]
[Black "Atabayeva, Gozel"]
[Result "1-0"]
[WhiteTitle "WIM"]
[BlackTitle "WFM"]
[WhiteElo "2026"]
[BlackElo "2076"]
[WhiteTeam "Bolivia"]
[BlackTeam "Turkmenistan"]
[WhiteFideId "3301923"]
[BlackFideId "14001896"]
[EventDate "2012.08.28"]

1. d4 Nf6 2. Nf3 g6 3. c4 Bg7 4. Nc3 d6 5. Qc2 O-O 6. e4 c6 7. Bd3 Qc7 8. h3 e5
9. d5 Na6 10. a3 Nc5 11. Be2 a5 12. Be3 Na6 13. Rc1 h6 14. Qd2 Kh7 15. O-O Rd8
16. Rfd1 Bf8 17. Qe1 Nd7 18. Bd3 Nac5 19. Bc2 a4 20. Nd2 Qa5 21. Qf1 Bg7 22. Bb1
Nf6 23. Kh2 Nh5 24. g3 Bd7 25. f4 exf4 26. gxf4 Be8 27. Nf3 Nb3 28. Rc2 Qc7 29.
Rg2 c5 30. Qe2 Qe7 31. Rg4 Kh8 32. Rdg1 Nd4 33. Qf2 Nxf3+ 34. Qxf3 Nf6 35. R4g2
Nh7 36. Kh1 Bd7 37. f5 g5 38. h4 f6 39. hxg5 Nxg5 40. Qh5 Kg8 41. Qg4 Rab8 42.
Bd3 Re8 43. Bf4 Red8 44. Rh2 Be8 45. Be3 Kf8 46. Rhg2 Bf7 47. Ne2 Qe8 48. Nf4
Ke7 49. Ne6 Bxe6 50. fxe6 Qg6 51. Qd1 Qe8 52. e5 Rbc8 53. exf6+ Bxf6 54. Rf1 Qh8
55. Rh2 Rg8 56. Qxa4 Rc7 57. Qa5 Kd8 58. Bxg5 Rxg5 59. Qa8+ Rc8 60. Qxb7 Rg7 61.
Qb6+ Rgc7 62. Qxd6+ Ke8 63. Bg6+ 1-0

[Event "40th Olympiad Women"]
[Site "Istanbul TUR"]
[Date "2012.09.01"]
[Round "5.39"]
[Board "1"]
[White "Arda, Cagil Irmak"]
[Black "Perez, Eneida"]
[Result "1-0"]
[WhiteTitle "WCM"]
[BlackTitle "WFM"]
[WhiteElo "1634"]
[BlackElo "2070"]
[WhiteTeam "Turkey 2023"]
[BlackTeam "Dominican Republic"]
[WhiteFideId "6351700"]
[BlackFideId "602795"]
[EventDate "2012.08.28"]

1. e4 e5 2. Nf3 Nf6 3. Nxe5 d6 4. Nf3 Nxe4 5. Nc3 Nf6 6. d3 Be7 7. Bf4 a6 8. Qd2
Nc6 9. O-O-O Bg4 10. Be2 h6 11. h3 Be6 12. d4 d5 13. a3 Bf5 14. Ne5 Na7 15. g4
Ne4 16. Nxe4 Bxe4 17. f3 Bh7 18. Bd3 Bxd3 19. Qxd3 Bg5 20. Qf5 Bxf4+ 21. Qxf4
Qf6 22. Qxf6 gxf6 23. Nd3 O-O-O 24. Rhe1 Rhe8 25. Nf4 c6 26. Nh5 Re6 27. Rxe6
fxe6 28. Re1 Kd7 29. Nxf6+ Ke7 30. Nh5 Nb5 31. c3 Nd6 32. Nf4 Kf6 33. Rxe6+ Kg5
34. Ng2 1-0

[Event "40th Olympiad Women"]
[Site "Istanbul TUR"]
[Date "2012.09.01"]
[Round "5.39"]
[Board "2"]
[White "Jose Polanco, Kenia"]
[Black "Hereklioglu, Sude"]
[Result "1/2-1/2"]
[WhiteTitle "WCM"]
[WhiteElo "1954"]
[BlackElo "1586"]
[WhiteTeam "Dominican Republic"]
[BlackTeam "Turkey 2023"]
[WhiteFideId "6401074"]
[BlackFideId "6359531"]
[EventDate "2012.08.28"]

1. Nf3 e6 2. d4 f5 3. g3 b6 4. Bg2 Bb7 5. O-O Nf6 6. c4 Be7 7. Nc3 Ne4 8. Qc2
Nxc3 9. bxc3 Be4 10. Qb3 O-O 11. d5 Bf6 12. Ba3 Be7 13. Rad1 Bxa3 14. Qxa3 Qf6
15. Ne1 Bxg2 16. Nxg2 d6 17. dxe6 Qxe6 18. Ne3 Nc6 19. Nd5 Qxe2 20. Nxc7 Rac8
21. Qxd6 Qxc4 22. Qe6+ Qxe6 23. Nxe6 Rfe8 24. Rfe1 Nd8 25. Nxd8 Rxe1+ 26. Rxe1
Rxd8 27. Re7 Rc8 28. Rxa7 Rxc3 29. Kg2 b5 30. Ra5 Rc2 31. Rxb5 Rxa2 32. Rxf5 g6
33. Rb5 Kg7 34. Rb7+ Kg8 35. Kf3 Ra3+ 36. Kg2 Ra2 37. g4 Ra4 38. Kg3 Ra3+ 39. f3
Rc3 40. g5 Rc4 41. Rb6 Rc5 42. h4 Rc4 43. h5 Kg7 44. hxg6 hxg6 45. Re6 Kf7 46.
Rf6+ Kg7 47. Rf4 Rc5 48. Kg4 Rc1 49. Rb4 Rg1+ 50. Kf4 Rh1 51. Rb7+ Kg8 52. Ke5
Rf1 53. Rb3 Kf7 54. Rb7+ Kg8 55. Kf6 Rxf3+ 56. Kxg6 Rf8 57. Kh6 Rc8 58. Rg7+ Kh8
59. Rd7 Kg8 60. g6 Rb8 61. Rg7+ Kh8 62. Re7 Kg8 63. Re6 Rc8 64. Kg5 Rc1 65. Re4
Kg7 66. Re7+ Kg8 1/2-1/2

[Event "40th Olympiad Women"]
[Site "Istanbul TUR"]
[Date "2012.09.01"]
[Round "5.39"]
[Board "3"]
[White "Okuyaz, Duru"]
[Black "Munoz, Doribel"]
[Result "1-0"]
[BlackTitle "WCM"]
[WhiteElo "1547"]
[BlackElo "1933"]
[WhiteTeam "Turkey 2023"]
[BlackTeam "Dominican Republic"]
[WhiteFideId "6346022"]
[BlackFideId "6400574"]
[EventDate "2012.08.28"]

1. e4 e5 2. Nf3 d6 3. Bc4 Nd7 4. d4 c6 5. Nc3 Be7 6. O-O Ngf6 7. Bg5 b5 8. Bxf6
gxf6 9. Bb3 Qb6 10. Ne2 Bb7 11. c3 h5 12. Nh4 c5 13. Bc2 O-O-O 14. Rc1 d5 15.
Nf5 Bf8 16. b4 dxe4 17. dxc5 Nxc5 18. bxc5 Bxc5 19. Qe1 Qe6 20. Neg3 h4 21. Nxe4
Ba3 22. Rd1 Qxa2 23. Bb1 Qe6 24. Qe3 Rxd1 25. Rxd1 Qb3 26. Qd2 Kb8 27. h3 Rg8
28. Nxh4 Qc4 29. Nxf6 Rh8 30. Nf5 Qc6 31. Nd5 Rd8 32. Ba2 Qg6 33. Nfe3 Bc5 34.
Qe2 a6 35. Qg4 Qh7 36. Nf6 Rxd1+ 37. Qxd1 Qg6 38. Nd7+ Ka7 39. Nxc5 1-0

[Event "40th Olympiad Women"]
[Site "Istanbul TUR"]
[Date "2012.09.01"]
[Round "5.40"]
[Board "3"]
[White "Chandrasiri, S A K"]
[Black "Tsoi, Nicole"]
[Result "1-0"]
[BlackTitle "WFM"]
[WhiteElo "1731"]
[BlackElo "1786"]
[WhiteTeam "Sri Lanka"]
[BlackTeam "New Zealand"]
[WhiteFideId "9905049"]
[BlackFideId "4302605"]
[EventDate "2012.08.28"]

1. d4 e6 2. c4 f5 3. Nc3 Nf6 4. g3 Be7 5. Bg2 O-O 6. Nf3 d6 7. O-O a5 8. Rb1 Qe8
9. Qb3 Kh8 10. Ng5 c6 11. d5 e5 12. Na4 Bd8 13. Nb6 Bxb6 14. Qxb6 e4 15. Rd1
cxd5 16. cxd5 Qe7 17. Bf4 Ra6 18. Qb3 h6 19. Ne6 Re8 20. Bh3 Nxd5 21. Qxd5 Bxe6
22. Qd4 d5 23. Rbc1 Nc6 24. Qa4 d4 25. Bd2 Rd8 26. Bg2 g5 27. g4 fxg4 28. Bxe4
Bd5 29. Bxd5 Rxd5 30. Qc4 Qe4 31. e3 Ra8 32. exd4 Kh7 33. Qb3 Rd7 34. Be3 Rad8
35. Rc5 Nxd4 36. Bxd4 Rxd4 37. Qf7+ Kh8 38. Qf6+ Kg8 39. Rxd4 Qxd4 40. Qe6+ Kf8
41. Rf5+ Kg7 42. Rf7+ Kg8 43. Re7+ Kh8 44. Qxh6+ 1-0

[Event "40th Olympiad Women"]
[Site "Istanbul TUR"]
[Date "2012.09.01"]
[Round "5.41"]
[Board "1"]
[White "Vazquez Maccarini, Danitza"]
[Black "Steil-Antoni, Fiona"]
[Result "0-1"]
[WhiteTitle "WFM"]
[BlackTitle "WIM"]
[WhiteElo "1916"]
[BlackElo "2173"]
[WhiteTeam "Puerto Rico"]
[BlackTeam "Luxembourg"]
[WhiteFideId "3101193"]
[BlackFideId "4001249"]
[EventDate "2012.08.28"]

1. e4 e5 2. Nf3 Nc6 3. Bb5 a6 4. Ba4 d6 5. c3 Bd7 6. d4 Nge7 7. Bb3 h6 8. Nbd2
Ng6 9. Nc4 Be7 10. O-O Bg5 11. dxe5 dxe5 12. Bxg5 hxg5 13. Qd5 Qf6 14. Qd2 Nf4
15. g3 g4 16. Ne1 Nh3+ 17. Kh1 Ng5 18. h4 O-O-O 19. Qe2 Nf3 20. Nxf3 gxf3 21.
Qe3 Rxh4+ 22. Kg1 Rdh8 23. gxh4 Qxh4 0-1

[Event "40th Olympiad Women"]
[Site "Istanbul TUR"]
[Date "2012.09.01"]
[Round "5.41"]
[Board "2"]
[White "Boyard, Marie"]
[Black "Comas Colon, Rinelly"]
[Result "1/2-1/2"]
[BlackTitle "WFM"]
[WhiteElo "2035"]
[BlackElo "1810"]
[WhiteTeam "Luxembourg"]
[BlackTeam "Puerto Rico"]
[WhiteFideId "4001486"]
[BlackFideId "3101576"]
[EventDate "2012.08.28"]

1. e4 c6 2. d4 d5 3. Nd2 Nf6 4. e5 Ng8 5. f4 h6 6. Bd3 Qb6 7. Ngf3 Bg4 8. O-O e6
9. h3 Bxf3 10. Nxf3 c5 11. c3 Nc6 12. Kh2 Nge7 13. Re1 g6 14. dxc5 Qxc5 15. Be3
Qa5 16. b4 Qd8 17. b5 Na5 18. Qa4 b6 19. Rac1 Rc8 20. Nd2 Nf5 21. Bf2 Bc5 22.
Bxc5 Rxc5 23. Nb3 Nxb3 24. axb3 Qc7 25. Qa1 O-O 26. b4 Rc4 27. Bxc4 Qxc4 28. g3
Qd3 29. Rg1 Qxb5 30. Qxa7 Rc8 31. Rg2 h5 32. Qb7 Rf8 33. c4 Qxb4 34. cxd5 Ne3
35. Ra2 Nxd5 36. h4 Nxf4 37. Rc8 Nd3 38. Raa8 Qb2+ 39. Qg2 Qxg2+ 40. Kxg2 Rxc8
41. Rxc8+ Kg7 42. Rb8 Nxe5 43. Rxb6 1/2-1/2

[Event "40th Olympiad Women"]
[Site "Istanbul TUR"]
[Date "2012.09.01"]
[Round "5.41"]
[Board "3"]
[White "Pacheco Medina, Hilzandryly"]
[Black "Boyarchenko, Vlada"]
[Result "0-1"]
[WhiteElo "1820"]
[BlackElo "1755"]
[WhiteTeam "Puerto Rico"]
[BlackTeam "Luxembourg"]
[WhiteFideId "3100480"]
[BlackFideId "4000072"]
[EventDate "2012.08.28"]

1. d4 Nf6 2. Bg5 e6 3. e4 c5 4. e5 h6 5. exf6 hxg5 6. fxg7 Bxg7 7. c3 cxd4 8.
cxd4 Qb6 9. Ne2 Qxb2 10. Nbc3 Nc6 11. Rb1 Qa3 12. Qd2 a6 13. Qxg5 Bxd4 14. Rb3
Qc5 15. Qxc5 Bxc5 16. Na4 Bb4+ 17. Kd1 b5 18. Nb6 Rb8 19. Nxc8 Rxc8 20. g3 Bc5
21. f4 Nb4 22. Nc3 Ke7 23. a4 bxa4 24. Nxa4 a5 25. Nxc5 Rxc5 26. h4 Nd5 27. Bd3
Kf6 28. Kd2 Nb4 29. Bb1 Kg7 30. Rc1 Rxc1 31. Kxc1 Ra8 32. g4 Nd5 33. f5 Nf4 34.
Rb7 exf5 35. Bxf5 d5 36. Bb1 a4 37. Kb2 a3+ 38. Ka2 Ne2 39. Rc7 d4 40. Bd3 Nc3+
41. Ka1 Re8 0-1

[Event "40th Olympiad Women"]
[Site "Istanbul TUR"]
[Date "2012.09.01"]
[Round "5.41"]
[Board "4"]
[White "Kremer, Nadine"]
[Black "Vega Jimenez, Keyshla M"]
[Result "1-0"]
[WhiteElo "1788"]
[BlackElo "1654"]
[WhiteTeam "Luxembourg"]
[BlackTeam "Puerto Rico"]
[WhiteFideId "4002970"]
[BlackFideId "3101851"]
[EventDate "2012.08.28"]

1. e4 c5 2. Nf3 e6 3. d4 cxd4 4. Nxd4 a6 5. Nc3 Qc7 6. Bd3 Nf6 7. O-O Bc5 8. Nb3
Be7 9. Re1 d6 10. f4 Nbd7 11. Kh1 b5 12. a3 Bb7 13. Qf3 h5 14. h3 Ng4 15. Qg3
O-O-O 16. Be2 f5 17. exf5 exf5 18. Bf3 Bf6 19. Bd2 h4 20. Bxb7+ Qxb7 21. Qf3
Qxf3 22. gxf3 Nh6 23. a4 Nc5 24. axb5 Nxb3 25. cxb3 axb5 26. Nxb5 Bxb2 27. Ra6
d5 28. Re7 Rd7 29. Ra8+ Kb7 30. Ra7+ Kc6 31. Raxd7 Kxb5 32. Rxd5+ Kc6 33. Rdd7
Rb8 34. Rc7+ Kd6 35. b4 Ng8 36. Red7+ Ke6 37. Rd3 Nh6 38. Rb3 Bd4 39. Be3 Kd6
40. Bxd4 Kxc7 41. Be5+ Kc8 42. Bxb8 Kxb8 43. Re3 g6 44. Re6 Kc7 45. Rxg6 1-0

[Event "40th Olympiad Women"]
[Site "Istanbul TUR"]
[Date "2012.09.01"]
[Round "5.42"]
[Board "3"]
[White "Akintola, Olufunmilayo"]
[Black "Chung, Mathilde"]
[Result "0-1"]
[WhiteElo "1747"]
[BlackElo "1794"]
[WhiteTeam "Nigeria"]
[BlackTeam "Monaco"]
[WhiteFideId "8500886"]
[BlackFideId "676446"]
[EventDate "2012.08.28"]

1. e4 c5 2. Nf3 Nc6 3. Bb5 e6 4. Bxc6 bxc6 5. d3 Ne7 6. Nc3 d5 7. O-O Ng6 8. Re1
Be7 9. b3 Ba6 10. Bb2 O-O 11. Ne2 Rb8 12. Ng3 Bf6 13. Bxf6 Qxf6 14. c4 Rfd8 15.
Qc1 Rbc8 16. Qa3 Bb7 17. Qxc5 Ra8 18. Qe3 a5 19. Nh5 Qe7 20. Nf4 Nf8 21. Ne5 f6
22. Nf3 e5 23. Nh5 Ne6 24. exd5 cxd5 25. Ng3 d4 26. Qe2 Nf4 27. Qd1 Qa3 28. Ne4
a4 29. g3 Ne6 30. Qc2 Bxe4 31. Rxe4 axb3 32. Qd2 b2 33. Rb1 Nc5 34. Ne1 Nxe4 35.
dxe4 Qxa2 36. Rxb2 Qxc4 37. Rc2 Qa6 38. Nd3 Rdc8 39. Rb2 Rab8 40. Ra2 Qc6 41. f3
Qc3 42. Kf2 Qxd2+ 43. Rxd2 Rc3 44. Ke2 Kf7 45. f4 exf4 46. gxf4 Re8 47. e5 Kg6
48. Kf2 Kf5 49. h3 Ke4 50. Ke2 fxe5 51. fxe5 Rxe5 52. Nxe5 Kxe5 0-1